BLACK ARROW. (Record no. 1286982)

MARC details
000 -LEADER
fixed length control field 00437nam a2200181Ia 4500
008 - FIXED-LENGTH DATA ELEMENTS--GENERAL INFORMATION
fixed length control field 151202s9999||||xx |||||||||||||| ||und||
082 ## - DEWEY DECIMAL CLASSIFICATION NUMBER
Item number PNVM-21004
100 ## - MAIN ENTRY--PERSONAL NAME
Personal name STEVERSISON ROBERT.
245 ## - TITLE STATEMENT
Title BLACK ARROW.
260 ## - PUBLICATION, DISTRIBUTION, ETC. (IMPRINT)
Name of publisher, distributor, etc DEAN AND SON LTD LONDON.
260 ## - PUBLICATION, DISTRIBUTION, ETC. (IMPRINT)
Date of publication, distribution, etc 1960
300 ## - PHYSICAL DESCRIPTION
Extent 183
600 ## - SUBJECT ADDED ENTRY--PERSONAL NAME
Personal name STEVERSISON ROBERT.
630 ## - SUBJECT ADDED ENTRY--UNIFORM TITLE
Uniform title BLACK ARROW.
700 ## - ADDED ENTRY--PERSONAL NAME
Personal name STEVERSISON ROBERT.
730 ## - ADDED ENTRY--UNIFORM TITLE
Uniform title BLACK ARROW.
942 ## - ADDED ENTRY ELEMENTS (KOHA)
Koha item type Book
Holdings
Withdrawn status Lost status Damaged status Not for loan Home library Current library Date acquired Cost, normal purchase price Total Checkouts Full call number Barcode Date last seen Cost, replacement price Price effective from Koha item type
        Pune Nagar Vachan Mandir, Pune Pune Nagar Vachan Mandir, Pune 06/21/2015 0.00   PNVM-21004 PNVM-21004 12/02/2015 0.00 12/02/2015 Book